La defensa de las Indias (Record no. 185735)

MARC details
000 -LEADER
campo de control de longitud fija 00829nam a2200229 i 4500
001 - NÚMERO DE CONTROL
campo de control 185735
003 - IDENTIFICADOR DE NÚMERO DE CONTROL
campo de control ES-MaACL
005 - FECHA Y HORA DE LA ÚLTIMA TRANSACCIÓN
campo de control 20250910063132.0
008 - DATOS DE LONGITUD FIJA--INFORMACIÓN GENERAL
campo de control de longitud fija 160804s1987 sp f |||| | spa d
020 ## - NÚMERO INTERNACIONAL ESTÁNDAR DEL LIBRO
Número Internacional Estándar del Libro 84-7232-411-7
080 ## - NÚMERO DE LA CLASIFICACIÓN DECIMAL UNIVERSAL
Número de la Clasificación Decimal Universal 355.351(8=60)"17"
100 1# - ENTRADA PRINCIPAL--NOMBRE DE PERSONA
Nombre de persona Albi de la Cuesta, Julio,
Fechas asociadas al nombre 1948-
9 (RLIN) 160337
245 13 - MENCIÓN DEL TÍTULO
Título La defensa de las Indias
Resto del título : (1764-1799) /
Mención de responsabilidad, etc. Julio Albi.
260 ## - PUBLICACIÓN, DISTRIBUCIÓN, ETC.
Lugar de publicación, distribución, etc. Madrid :
Nombre del editor, distribuidor, etc. Instituto de Cooperación Iberoamericana, Cultura Hispánica,
Fecha de publicación, distribución, etc. [1987]
300 ## - DESCRIPCIÓN FÍSICA
Extensión 253 p., [8] de lám. col. ;
Dimensiones 23 cm.
504 ## - NOTA DE BIBLIOGRAFÍA, ETC.
Nota de bibliografía, etc. Bibliografía: p. 247-252.
650 #4 - PUNTO DE ACCESO ADICIONAL DE MATERIA--TÉRMINO DE MATERIA
Término de materia o nombre geográfico como elemento de entrada Fuerzas armadas coloniales-
Subdivisión geográfica España.
9 (RLIN) 160338
651 #4 - PUNTO DE ACCESO ADICIONAL DE MATERIA--NOMBRE GEOGRÁFICO
Nombre geográfico América española-
Subdivisión general Historia militar.
9 (RLIN) 160339
710 2# - ENTRADA AGREGADA--NOMBRE DE ENTIDAD CORPORATIVA
Nombre de entidad corporativa o nombre de jurisdicción como elemento de entrada Instituto de Cooperación Iberoamericana.
9 (RLIN) 4848
852 ## - LOCALIZACIÓN
Ubicación ES-MaACL
Número de control de estantería L-30517
Holdings
Estatus retirado Estado de pérdida Estado de daño No para préstamo Biblioteca de origen Biblioteca actual Ubicación en estantería Fecha de adquisición Fuente de adquisición Total de préstamos Signatura topográfica completa Código de barras Visto por última vez Precio de reemplazo Tipo de ítem Koha
        Biblioteca del Ateneo de Madrid Biblioteca del Ateneo de Madrid Depósito 2 04/08/2016     L-30517 1195788 23/02/2023 23/02/2023 Libro impreso